Stapel and others v Bellshore Property Investments Ltd (Record no. 67165)

MARC details
000 -LEADER
fixed length control field 01541cam a2200217 4500
001 - CONTROL NUMBER
control field ABS64014
008 - FIXED-LENGTH DATA ELEMENTS--GENERAL INFORMATION
fixed length control field 000000n2001 000 0 eng u
035 ## - SYSTEM CONTROL NUMBER
System control number (Sirsi) u112820
245 ## - TITLE STATEMENT
Title Stapel and others v Bellshore Property Investments Ltd
260 ## - PUBLICATION, DISTRIBUTION, ETC.
Date of publication, distribution, etc. 2001
490 ## - SERIES STATEMENT
Series statement Estates Gazette
Volume/sequential designation [2001] 20 EG 231-236(6)
520 ## - SUMMARY, ETC.
Summary, etc. ChD 27 February 2001. Claimants S held leases of flats 1, 2, 3, 4 and 6, subject to service charge provisions, in a building containing nine flats held by the defendant B. The building had originally been two separate buildings, and flats 1 to 6 had different street access from the other flats. Under the service charge provisions of S's lease, the proportion of repair and other costs for 'the building' was one-sixth for four of the leases and one-quarter for the fifth, meaning S paid a disproportionate 91.67% of the total costs. S issued proceedings seeking declarations as to the meaning of various leases, and it was held that 'the building' only referred to the part of the building containing flats 1 to 6, and did not include the part containing flats 7 to 9. B appealed. Appeal was dismissed on the grounds that the wording in the leases did not make it clear that S was liable to pay a proportion of the costs of the whole building.
590 ## - LOCAL NOTE (RLIN)
Local note ABS
650 ## - SUBJECT ADDED ENTRY--TOPICAL TERM
Topical term or geographic name entry element SERVICE CHARGES
650 ## - SUBJECT ADDED ENTRY--TOPICAL TERM
Topical term or geographic name entry element BLOCK OF FLATS
650 ## - SUBJECT ADDED ENTRY--TOPICAL TERM
Topical term or geographic name entry element REPAIR COSTS
650 ## - SUBJECT ADDED ENTRY--TOPICAL TERM
Topical term or geographic name entry element LEASES
650 ## - SUBJECT ADDED ENTRY--TOPICAL TERM
Topical term or geographic name entry element STAPEL V BELLSHORE PROPERTY INVESTMENTS
690 ## - LOCAL SUBJECT ADDED ENTRY--TOPICAL TERM (OCLC, RLIN)
Topical term or geographic name as entry element LANDLORD AND TENANT-LEASES-CASE LAW
942 ## - ADDED ENTRY ELEMENTS (KOHA)
Suppress in OPAC 0
Holdings
Withdrawn status Lost status Source of classification or shelving scheme Damaged status Not for loan Home library Current library Shelving location Date acquired Total Checkouts Full call number Barcode Date last seen Copy number Price effective from Koha item type
    Dewey Decimal Classification     London London Journal article 29/05/2001   ABS64014 112820-1001 06/08/2019 1 06/08/2019 Law report